Duševné vlastníctvo revue pre teóriu a prax v oblasti duševného vlastníctva
| New Title: | Duševné vlastníctvo (Online) |
|---|---|
| Format: | Journal |
| Language: | Slovak |
| PhysicalDescription: | zv. ilustr. 30 cm Online vydanie: Duševné vlastníctvo (Online) ISSN 1339-5564 |
| Published: |
Košice
VSŽ Konzult
1997-
Košice Infoconsult Banská Bystrica Úrad priemyselného vlastníctva Slovenskej republiky |
| ISSN: | 1335-2881 1339-5564 |
| Subjects: | |
| Online Access: | http://www.upv.sk/?dusevne-vlastnictvo-archiv http://www.indprop.gov.sk/?dusevne-vlastnictvo |
MARC
| LEADER | 00000cas a2200000 a 4500 | ||
|---|---|---|---|
| 001 | vtls001472776 | ||
| 003 | SK-MaSNL | ||
| 005 | 20260228161317.0 | ||
| 008 | 100507c19979999xo qr p 0 0b0slo | ||
| 022 | |a 1335-2881 | ||
| 035 | |a SNK000428078 | ||
| 035 | |a (SVKBB03)vtls000053358 | ||
| 040 | |a SNK |b slo |c SNK |d SVKBB |e AACR2 | ||
| 041 | 0 | |a slo |b eng | |
| 044 | |a xo |c SK | ||
| 072 | 7 | |a 347.7 |x Obchodné právo. Finančné právo. Právo priemyselného vlastníctva. Patentové právo. Autorské právo |2 konspekt | |
| 080 | |a 347.77/.78 |2 2011 | ||
| 080 | |a 050 |2 2011 | ||
| 080 | |a (051)-027.561 |2 2011 | ||
| 210 | 0 | |a Duš. vlastn. | |
| 222 | 0 | |a Duševné vlastníctvo | |
| 245 | 0 | 0 | |a Duševné vlastníctvo |b revue pre teóriu a prax v oblasti duševného vlastníctva |
| 246 | 1 | 1 | |a Intellectual property |b revue for theory and practice in the field of intellectual property |
| 246 | 1 | 1 | |a Geistiges Eigentum |b Revue für Theorie und Praxis im Gebiet des geistigen Eigentums |
| 246 | 1 | 1 | |a Propriété intellectuelle |
| 260 | |a Košice |b VSŽ Konzult |c 1997- | ||
| 260 | 2 | |3 2/1998-1999 |a Košice |b Infoconsult | |
| 260 | 3 | |3 2000- |a Banská Bystrica |b Úrad priemyselného vlastníctva Slovenskej republiky | |
| 300 | |a zv. |b ilustr. |c 30 cm | ||
| 310 | |a 2x ročne |b 2023- | ||
| 321 | |a 4x ročne |b 1997-2022 | ||
| 362 | 0 | |a Č. 1 (1997)-roč. 17, č. 4 (2013) ; roč. 20, č. 1/2 (2016)- | |
| 500 | |a Registračné č.: 1657/97 ; EV 3081/09 ; EV 5622/18 | ||
| 500 | |a R. 2014, 2015 vychádzal iba v elektronickej verzii (štyrikrát ročne), pričom na konci roka Úrad priemyselného vlastníctva SR vydáva v tlačenej forme výber ťažiskových článkov uverejnených v príslušnom roku | ||
| 500 | |a Č. 1,3,4/2017 len v el. podobe | ||
| 515 | |a Niektoré čísla vychádzajú ako dvojčíslo | ||
| 530 | |a Online vydanie: Duševné vlastníctvo (Online) ISSN 1339-5564 | ||
| 546 | |a Niektoré príspevky majú angl. abstrakt | ||
| 650 | 0 | 7 | |a právo duševného vlastníctva |2 SNKPH |9 4270 |
| 650 | 0 | 7 | |a Intellectual property |2 SNKPHeng |9 268390 |
| 655 | 7 | |a odborné časopisy |2 SNKPH |9 70505 | |
| 655 | 7 | |a Professional journals |2 SNKPHeng |9 265007 | |
| 775 | 0 | |t Duševné vlastníctvo - výber |x 1339-8040 |w vtls010645490 | |
| 776 | 0 | |t Duševné vlastníctvo |x 1339-5564 |w vtls010582944 | |
| 785 | 0 | 0 | |t Duševné vlastníctvo (Online) |x 1339-5564 |
| 852 | |a Štátna vedecká knižnica v Banskej Bystrici | ||
| 856 | 4 | 1 | |u http://www.upv.sk/?dusevne-vlastnictvo-archiv |
| 856 | 4 | 1 | |u http://www.indprop.gov.sk/?dusevne-vlastnictvo |
| 910 | |a snk | ||
| 910 | |a svkbb | ||
| 916 | |a 1997-2013, 2016-2018, 2019-2020, 2021 | ||
| 999 | |c 4978 |d 6908 | ||
| 952 | |0 0 |1 0 |4 0 |7 0 |8 0 |a SNK |b SNK |d 2010-05-31 |f 1 |i snk2007/13282 |l 0 |o snkČSB 5159/5/2001 |p 17A0635877 |r 2026-02-21 19:32:28 |t č. 1-4 |w 2026-02-21 |y PREZ | ||
| 952 | |0 0 |1 0 |4 0 |7 0 |8 0 |a SNK |b SNK |d 2010-05-31 |i snk2010/11696 |l 0 |o snkČSB 5159/5/2001 D1 |p 17A0635878 |r 2026-02-21 19:32:28 |t č. 1-4 |w 2026-02-21 |y PREZ | ||
| 952 | |0 0 |1 0 |4 0 |7 0 |8 0 |a SNK |b SNK |d 2010-05-31 |f 1 |i snk2010/11698 |l 0 |o snkČSB 5159/6/2002 |p 17A0635879 |r 2026-02-21 19:32:28 |t č. 1-4 |w 2026-02-21 |y PREZ | ||
| 952 | |0 0 |1 0 |4 0 |7 0 |8 0 |a SNK |b SNK |d 2010-05-31 |i snk2010/11700 |l 0 |o snkČSB 5159/6/2002 D1 |p 17A0635880 |r 2026-02-21 19:32:28 |t č. 1-4 |w 2026-02-21 |y PREZ | ||
| 952 | |0 0 |1 0 |4 0 |7 0 |8 0 |a SNK |b SNK |d 2010-05-31 |f 1 |i snk2010/11701 |l 0 |o snkČSB 5159/7/2003 |p 17A0635881 |r 2026-02-21 19:32:28 |t č. 1-4 |w 2026-02-21 |y PREZ | ||
| 952 | |0 0 |1 0 |4 0 |7 0 |8 0 |a SNK |b SNK |d 2010-05-31 |i snk2010/11706 |l 0 |o snkČSB 5159/7/2003 D1 |p 17A0635882 |r 2026-02-21 19:32:28 |t č. 1-4 |w 2026-02-21 |y PREZ | ||
| 952 | |0 0 |1 0 |4 0 |7 0 |8 0 |a SNK |b SNK |d 2010-05-31 |f 1 |i snk2010/11707 |l 0 |o snkČSB 5159/8/2004 |p 17A0635883 |r 2026-02-21 19:32:28 |t č. 1-4 |w 2026-02-21 |y PREZ | ||
| 952 | |0 0 |1 0 |4 0 |7 0 |8 0 |a SNK |b SNK |d 2010-05-31 |f 1 |i snk2010/11711 |l 0 |o snkČSB 5159/9/2005 |p 17A0635885 |r 2026-02-21 19:32:28 |t č. 1-4 |w 2026-02-21 |y PREZ | ||
| 952 | |0 0 |1 0 |4 0 |7 0 |8 0 |a SNK |b SNK |d 2010-05-31 |i snk2010/11712 |l 0 |o snkČSB 5159/9/2005 D1 |p 17A0635886 |r 2026-02-21 19:32:28 |t č. 1-4 |w 2026-02-21 |y PREZ | ||
| 952 | |0 0 |1 0 |4 0 |7 0 |8 0 |a SNK |b SNK |d 2010-05-31 |f 1 |i snk2010/11713 |l 0 |o snkČSB 5159/10/2006 |p 17A0635887 |r 2026-02-21 19:32:28 |t č. 1-4 |w 2026-02-21 |y PREZ | ||
| 952 | |0 0 |1 0 |4 0 |7 0 |8 0 |a SNK |b SNK |d 2010-05-31 |i snk2010/11714 |l 0 |o snkČSB 5159/10/2006 D1 |p 17A0635888 |r 2026-02-21 19:32:29 |t č. 1-4 |w 2026-02-21 |y PREZ | ||
| 952 | |0 0 |1 0 |4 0 |7 0 |8 0 |a SNK |b SNK |d 2010-05-31 |f 1 |i snk2010/11717 |l 0 |o snkČSB 5159/11/2007 |p 17A0635889 |r 2026-02-21 19:32:29 |t č. 1-4 |w 2026-02-21 |y PREZ | ||
| 952 | |0 0 |1 0 |4 0 |7 0 |a SNK |b SNK |d 2004-04-08 |f 1 |i snk196/2002 |l 0 |o snkČSB 5159/2/1998 |p 17A0652806 |r 2005-01-02 00:00:00 |t č. 1-4 |w 2026-02-21 |y PREZ | ||
| 952 | |0 0 |1 0 |4 0 |7 0 |a SNK |b SNK |d 2004-06-23 |f 1 |i snk190/2002 |l 0 |o snkČSB 5159/4/2000 |p 17A0652813 |r 2005-01-02 00:00:00 |t č. 1-4 |w 2026-02-21 |y PREZ | ||
| 952 | |0 0 |1 0 |4 0 |7 0 |8 0 |a SNK |b SNK |d 2022-05-12 |i snk2022/7583 |l 0 |o snkČSB 5159/23/2019 D1 |p 17A1462786 |r 2026-02-21 20:12:11 |t č. 1-4 |w 2026-02-21 |y PREZ | ||
| 952 | |0 0 |1 0 |4 0 |7 0 |8 0 |a SNK |b SNK |d 2022-05-12 |i snk2022/7584 |l 0 |o snkČSB 5159/24/2020 D1 |p 17A1462787 |r 2026-02-21 20:12:11 |t č. 1-4 |w 2026-02-21 |y PREZ | ||
| 952 | |0 0 |1 0 |4 0 |7 0 |8 0 |a SNK |b SNK |d 2022-06-21 |f 1 |i snk2022/10197 |l 0 |o snkČSB 5159/25/2021 |p 17A1463444 |r 2026-02-21 20:12:30 |t č. 1-4 |w 2026-02-21 |y PREZ | ||
| 952 | |0 0 |1 0 |4 0 |7 0 |8 0 |a SNK |b SNK |d 2010-05-31 |i snk2010/11710 |l 0 |o snkČSB 5159/8/2004 D1 |p 17A0635884 |r 2026-02-21 20:14:55 |t č. 1-4 |w 2026-02-21 |y PREZ | ||
| 952 | |0 0 |1 0 |4 0 |7 0 |a SNK |b SNK |d 2014-02-19 |f 1 |i snk192/2002 |l 0 |o snkČSB 5159/1/1997 |p 17A0896745 |r 2026-02-21 20:30:10 |t č. 1-4 |w 2026-02-21 |y PREZ | ||
| 952 | |0 0 |1 0 |4 0 |7 0 |8 0 |a SNK |b SNK |d 2014-02-05 |f 1 |i snk2014/3552 |l 0 |o snkČSB 5159/14/2010 |p 17A1087421 |r 2026-02-21 20:31:56 |t č. 1-4 |w 2026-02-21 |y PREZ | ||
| 952 | |0 0 |1 0 |4 0 |7 0 |8 0 |a SNK |b SNK |d 2014-02-05 |i snk2014/3553 |l 0 |o snkČSB 5159/14/2010 D1 |p 17A1087422 |r 2026-02-21 20:31:56 |t č. 1-4 |w 2026-02-21 |y PREZ | ||
| 952 | |0 0 |1 0 |4 0 |7 0 |8 0 |a SNK |b SNK |d 2014-02-05 |f 1 |i snk2014/3554 |l 0 |o snkČSB 5159/15/2011 |p 17A1087423 |r 2026-02-21 20:31:56 |t č. 1-4 + príloha |w 2026-02-21 |y PREZ | ||
| 952 | |0 0 |1 0 |4 0 |7 0 |8 0 |a SNK |b SNK |d 2014-02-05 |i snk2014/3555 |l 0 |o snkČSB 5159/15/2011 D1 |p 17A1087424 |r 2026-02-21 20:31:56 |t č. 1-4 + príloha |w 2026-02-21 |y PREZ | ||
| 952 | |0 0 |1 0 |4 0 |7 0 |8 0 |a SNK |b SNK |d 2014-02-05 |f 1 |i snk2014/3556 |l 0 |o snkČSB 5159/16/2012 |p 17A1087425 |r 2026-02-21 20:31:56 |t č. 1-4 + príloha |w 2026-02-21 |y PREZ | ||
| 952 | |0 0 |1 0 |4 0 |7 0 |8 0 |a SNK |b SNK |d 2014-02-05 |i snk2014/3557 |l 0 |o snkČSB 5159/16/2012 D1 |p 17A1087426 |r 2026-02-21 20:31:56 |t č. 1-4 + príloha |w 2026-02-21 |y PREZ | ||
| 952 | |0 0 |1 0 |4 0 |7 0 |8 0 |a SNK |b SNK |d 2014-02-05 |f 1 |i snk2014/3558 |l 0 |o snkČSB 5159/17/2013 |p 17A1087427 |r 2026-02-21 20:31:56 |t č. 1-4 |w 2026-02-21 |y PREZ | ||
| 952 | |0 0 |1 0 |4 0 |7 0 |8 0 |a SNK |b SNK |d 2014-02-05 |f 1 |i snk2014/3537 |l 0 |o snkČSB 5159/12/2008 |p 17A1087417 |r 2026-02-21 20:32:05 |t č. 1-4 |w 2026-02-21 |y PREZ | ||
| 952 | |0 0 |1 0 |4 0 |7 0 |8 0 |a SNK |b SNK |d 2014-02-05 |i snk2014/3539 |l 0 |o snkČSB 5159/12/2008 D1 |p 17A1087418 |r 2026-02-21 20:32:05 |t č. 1-4 |w 2026-02-21 |y PREZ | ||
| 952 | |0 0 |1 0 |4 0 |7 0 |8 0 |a SNK |b SNK |d 2014-02-05 |f 1 |i snk2014/3544 |l 0 |o snkČSB 5159/13/2009 |p 17A1087419 |r 2026-02-21 20:32:05 |t č. 1-4 |w 2026-02-21 |y PREZ | ||
| 952 | |0 0 |1 0 |4 0 |7 0 |8 0 |a SNK |b SNK |d 2014-02-05 |i snk2014/3548 |l 0 |o snkČSB 5159/13/2009 D1 |p 17A1087420 |r 2026-02-21 20:32:05 |t č. 1-4 |w 2026-02-21 |y PREZ | ||
| 952 | |0 0 |1 0 |4 0 |7 0 |a SNK |b SNK |d 2014-02-19 |f 1 |i snk194/2002 |l 0 |o snkČSB 5159/3/1999 |p 17A0896602 |r 2026-02-21 20:40:35 |t č. 1-2 |w 2026-02-21 |y PREZ | ||
| 952 | |0 0 |1 0 |4 0 |7 0 |8 0 |a SNK |b SNK |d 2015-01-19 |i snk2015/1432 |l 0 |o snkČSB 5159/17/2013 D1 |p 17A0871143 |r 2026-02-21 20:43:01 |t č. 1-4 |w 2026-02-21 |y PREZ | ||
| 952 | |0 0 |1 0 |4 0 |7 0 |8 0 |a SNK |b SNK |d 2021-06-18 |f 1 |i snk2021/7324 |l 0 |o snkČSB 5159/23/2019 |p 17A1433971 |r 2026-02-21 21:20:57 |t č. 1-4 |w 2026-02-21 |y PREZ | ||
| 952 | |0 0 |1 0 |4 0 |7 0 |8 0 |a SNK |b SNK |d 2021-06-18 |f 1 |i snk2021/7327 |l 0 |o snkČSB 5159/24/2020 |p 17A1433972 |r 2026-02-21 21:20:57 |t č. 1-4 |w 2026-02-21 |y PREZ | ||
| 952 | |0 0 |1 0 |4 0 |7 0 |8 0 |a SNK |b SNK |d 2025-04-04 |i snk2025/5932 |l 0 |o snkČSB 5159/26/2022 D1 |p 17A1556033 |r 2026-02-21 21:21:37 |t č. 1-4 |w 2026-02-21 |y PREZ | ||
| 952 | |0 0 |1 0 |4 0 |7 0 |8 0 |a SNK |b SNK |d 2025-04-04 |f 1 |i snk2025/5933 |l 0 |o snkČSB 5159/27/2023 |p 17A1556034 |r 2026-02-21 21:21:37 |t č. 1-2 |w 2026-02-21 |y PREZ | ||
| 952 | |0 0 |1 0 |4 0 |7 0 |8 0 |a SNK |b SNK |d 2025-04-04 |i snk2025/5935 |l 0 |o snkČSB 5159/27/2023 D1 |p 17A1556035 |r 2026-02-21 21:21:37 |t č. 1-2 |w 2026-02-21 |y PREZ | ||
| 952 | |0 0 |1 0 |4 0 |7 0 |8 0 |a SNK |b SNK |d 2025-04-04 |f 1 |i snk2025/5936 |l 0 |o snkČSB 5159/28/2024 |p 17A1556036 |r 2026-02-21 21:21:37 |t č. 1-2 |w 2026-02-21 |y PREZ | ||
| 952 | |0 0 |1 0 |4 0 |7 0 |8 0 |a SNK |b SNK |d 2023-07-13 |i snk2023/10775 |l 0 |o snkČSB 5159/25/2021 D1 |p 17A1521009 |r 2026-02-21 21:39:20 |t č. 1-4 |w 2026-02-21 |y PREZ | ||
| 952 | |0 0 |1 0 |4 0 |7 0 |8 0 |a SNK |b SNK |d 2023-07-13 |f 1 |i snk2023/10776 |l 0 |o snkČSB 5159/26/2022 |p 17A1521010 |r 2026-02-21 21:39:20 |t č. 1-4 |w 2026-02-21 |y PREZ | ||
| 952 | |0 0 |1 0 |4 0 |7 0 |8 0 |a SNK |b SNK |d 2010-05-31 |i snk2010/11718 |l 0 |o snkČSB 5159/11/2007 D1 |p 17A0635890 |r 2026-02-21 21:42:06 |t č. 1-4 |w 2026-02-21 |y PREZ | ||
| 952 | |0 0 |1 0 |4 0 |7 0 |8 0 |a SNK |b SNK |d 2019-04-05 |f 1 |i snk2019/9841 |l 0 |o snkČSB 5159/22/2018 |p 17A1366342 |r 2026-02-21 21:58:56 |t č. 1-4 |w 2026-02-21 |y PREZ | ||
| 952 | |0 0 |1 0 |4 0 |7 0 |8 0 |a SNK |b SNK |d 2019-04-05 |i snk2019/9842 |l 0 |o snkČSB 5159/20/2016 D1 |p 17A1366343 |r 2026-02-21 21:58:56 |t č. 1-2 |w 2026-02-21 |y PREZ | ||
| 952 | |0 0 |1 0 |4 0 |7 0 |8 0 |a SNK |b SNK |d 2019-04-05 |i snk2019/9843 |l 0 |o snkČSB 5159/22/2018 D1 |p 17A1366344 |r 2026-02-21 21:58:56 |t č. 1-4 |w 2026-02-21 |y PREZ | ||
| 952 | |0 0 |1 0 |4 0 |7 0 |8 0 |a SNK |b SNK |d 2019-04-05 |f 1 |i snk2019/9839 |l 0 |o snkČSB 5159/20/2016 |p 17A1366340 |r 2026-02-21 22:04:17 |t č. 1-2 |w 2026-02-21 |y PREZ | ||
| 952 | |0 0 |1 0 |4 0 |7 0 |8 0 |a SNK |b SNK |d 2019-12-03 |i snk2019/31035 |l 0 |o snkČSB 5159/21/2017 D1 |p 17A1385452 |r 2026-02-21 22:15:14 |t len č. 2 |w 2026-02-21 |y PREZ |z Č. 1, 3, 4 - vydané len v el. podobe | ||
| 952 | |0 0 |1 0 |4 0 |7 0 |8 0 |a SNK |b SNK |d 2019-04-05 |f 1 |i snk2019/9840 |l 0 |o snkČSB 5159/21/2017 |p 17A1366341 |r 2026-02-21 22:18:26 |t len č. 2 |w 2026-02-21 |y PREZ |z Č. 1, 3, 4 - vydané len v el. podobe | ||


